Electorates of the Holy Roman Empire - Statistics

General Stats
  • This quiz has been taken 570 times
  • The average score is 9 of 15
Answer Stats
Timeframe Answer % Correct
1257-1806 Margrave of Brandenburg
93%
1257-1806 Duke of Saxony
89%
1623-1706; 1714-1806 Duke of Bavaria
88%
1257-1806 King of Bohemia
82%
1257-1706; 1714-1801 Archbishop of Cologne
73%
1257-1621; 1648-1777 Count Palatine of the Rhine
72%
1692-1806 Duke of Brunswick-Lüneburg
72%
1803-1806 Margrave of Baden
65%
1257-1801 Archbishop of Mainz
64%
1803-1806 Landgrave of Hesse-Kassel
58%
1257-1801 Archbishop of Trier
57%
1803-1806 Duke of Württemberg
43%
1803-1805 Duke of Salzburg
30%
1805-1806 Grand Duke of Würzburg
22%
1801-1806 Archbishop of Regensburg
10%
No matching quizzes found
Score Distribution
Percent of People with Each Score
Percentile by Number Answered
Your Score History
You have not taken this quiz